| 000 | 00945cam a2200277 i 4500 | ||
|---|---|---|---|
| 001 | 2240417 | ||
| 003 | ARRUPE | ||
| 005 | 20161103145923.0 | ||
| 008 | 770105t19751938enk b 000 0 eng | ||
| 010 | _a 76383451 | ||
| 020 | _c£0.75 | ||
| 040 |
_aDLC _cDLC _dDLC |
||
| 050 | 0 | 0 |
_aBV648 _b.D58 |
| 082 | 0 | 0 | _a262/.3 |
| 100 | 1 |
_aDix, Gregory. _927172 |
|
| 245 | 1 | 0 |
_aJurisdiction in the early church, Episcopal and papal / _cDom Gregory Dix. |
| 260 |
_aLondon : _bFaith House, _c1975 |
||
| 300 |
_a124 p. ; _c22 cm. |
||
| 500 | _a"This book first appeared as a series of articles in the Journal of Nashdom Abbey, Laudate, in 1938." | ||
| 504 | _aIncludes bibliographical references. | ||
| 650 | 0 |
_aChurch polity _xHistory _yEarly church, ca. 30-600. _927173 |
|
| 650 | 0 |
_aEpiscopacy _xHistory of doctrines. _927174 |
|
| 650 | 0 |
_aPapacy _xHistory. _927175 |
|
| 906 |
_a7 _bcbc _corignew _d3 _encip _f19 _gy-gencatlg |
||
| 942 |
_2lcc _cMONOGRAPH |
||
| 999 |
_c125630 _d125630 |
||